000 00617nam a22002297a 4500
003 UA-OsUOA
001 89323
007 ta
008 20121105b un ||||| |||| 00| 0 ukr d
100 _aДосвітній Олесь
090 _a821.161.2
_bД 70
942 _cBK
040 _aUA-OsUOA
_bukr
_cUA-OsUOA
_dUA-OsUOA
245 _aНас було троє
_bПовісті. Новели
300 _a434 с.
955 _a5
041 _aukr
080 _a821.161.2
260 _aК.
_bДніпро
_c1969
650 7 _a82 Література. Літературознавство
_2UDC
999 _c375595
_d375595